Who Will Raise the Children? : New Options for Fathers, and Mothers /
Збережено в:
| Автор: | |
|---|---|
| Формат: | Книга |
| Мова: | Англійська |
| Опубліковано: |
Nueva York, EUA :
Bantam Books,
1977, c1976
|
| Предмети: | |
| Теги: |
Немає тегів, Будьте першим, хто поставить тег для цього запису!
|
MARC
| LEADER | 00000nam^a2200000^a^4500 | ||
|---|---|---|---|
| 001 | 000316987 | ||
| 005 | 20250521000000.0 | ||
| 009 | 20260310113329.658 | ||
| 020 | |a 0-553-11037-3 | ||
| 025 | |a Donación Jorge Dávalos, 1 ejemplar | ||
| 037 | |a Acervo Xavier Clavigero | ||
| 041 | |a ING | ||
| 082 | |a 306. 874 |b LEV | ||
| 100 | |a Levine, James A. |e (autor) | ||
| 245 | 1 | 0 | |a Who Will Raise the Children? : |b New Options for Fathers, and Mothers / |c J.A. Levine. |
| 264 | 4 | |a Nueva York, EUA : |b Bantam Books, |c 1977, c1976 | |
| 300 | |a XIX, 187 p. | ||
| 336 | |a texto |b txt |2 rdacontenido | ||
| 337 | |a sin mediación |b n |2 rdamedio | ||
| 338 | |a volumen |b nc |2 rdasoporte | ||
| 649 | |a XX | ||
| 650 | |a Niños - |x Cuidado e Higiene - |x Tema Principal | ||
| 650 | |a Relaciones Padres-Hijos - |x Tema Principal | ||
| 650 | |a Relaciones Familiares | ||
| 650 | |a Familia Monoparental | ||
| 650 | |a Paternidad | ||
| 650 | |a Sociología | ||
| 910 | |a Fondo General | ||
| 920 | |a Impresos - Libros | ||
| 930 | |a Colección General | ||
| 905 | |a 101 | ||
| 901 | |a 0500203902 |b IT1 |c ACC |i D |u 20250521 | ||
| 902 | |a https://opac.biblio.iteso.mx/vufind/Record/000316987 | ||